| Tag |
First Indicator |
Second Indicator |
Subfields |
| LEADER |
00000cam a2200000Ma 4500 |
| 001 |
in00002786445 |
| 006 |
m o d |
| 007 |
cr cn||||||||| |
| 008 |
121125s2012 ne ob 001 0 eng d |
| 005 |
20250816205702.1 |
| 020 |
|
|
|a 9780080971247 (electronic bk.)
|
| 020 |
|
|
|a 0080971245 (electronic bk.)
|
| 020 |
|
|
|z 9780080971230
|
| 035 |
|
|
|a (OCoLC)ocn815471158
|
| 035 |
|
|
|a (NhCcYBP)ebr10606206
|
| 035 |
|
|
|a (OCoLC)815471158
|
| 040 |
|
|
|a E7B
|c E7B
|d OCLCO
|d N$T
|d OCLCQ
|d TXA
|d UtOrBLW
|
| 049 |
|
|
|a TXAM
|
| 050 |
|
4 |
|a VM753
|b .C37 2012eb
|
| 072 |
|
7 |
|a TEC
|x 060000
|2 bisacsh
|
| 072 |
|
7 |
|a TRA
|x 006020
|2 bisacsh
|
| 082 |
0 |
4 |
|a 623.873
|2 22
|
| 100 |
1 |
|
|a Carlton, J. S.
|q (John S.)
|
| 245 |
1 |
0 |
|a Marine propellers and propulsion /
|c J.S. Carlton.
|
| 250 |
|
|
|a 3rd ed.
|
| 264 |
|
1 |
|a Amsterdam :
|b Elsevier,
|c 2012.
|
| 300 |
|
|
|a 1 online resource (xxi, 516 pages)
|
| 336 |
|
|
|a text
|b txt
|2 rdacontent
|
| 337 |
|
|
|a computer
|b c
|2 rdamedia
|
| 338 |
|
|
|a online resource
|b cr
|2 rdacarrier
|
| 500 |
|
|
|a Description based on print version record.
|
| 500 |
|
|
|a Previous edition: 2007.
|
| 504 |
|
|
|a Includes bibliographical references and index.
|
| 500 |
|
|
|a Electronic resource.
|
| 650 |
|
0 |
|a Propellers.
|
| 650 |
|
0 |
|a Ships
|x Hydrodynamics.
|
| 650 |
|
0 |
|a Ship propulsion.
|
| 650 |
|
7 |
|a TECHNOLOGY & ENGINEERING / Marine & Naval.
|2 bisacsh
|
| 650 |
|
7 |
|a TRANSPORTATION / Ships & Shipbuilding / Pictorial.
|2 bisacsh
|
| 655 |
|
7 |
|a Electronic books.
|2 local
|
| 710 |
2 |
|
|a ebrary, Inc.
|
| 856 |
4 |
0 |
|u https://ebookcentral.proquest.com/lib/tamucs/detail.action?docID=1032961
|y Connect to the full text of this electronic book
|t 0
|
| 948 |
|
|
|a cataloged
|b h
|c 2013/3/20
|d c
|e jlanham
|f 1:28:48 pm
|
| 994 |
|
|
|a C0
|b TXA
|
| 999 |
f |
f |
|s d5f8e8bb-7b74-327d-b7e1-b4505ec5f833
|i 55169cd5-ee5e-3231-be72-6cf6c19b3a02
|t 0
|
| 999 |
|
|
|a MARS
|
| 952 |
f |
f |
|a Texas A&M University
|b College Station
|c Electronic Resources
|d Available Online
|t 0
|e VM753 .C37 2012eb
|h Library of Congress classification
|
| 998 |
f |
f |
|a VM753 .C37 2012eb
|t 0
|l Available Online
|